000 00262nam a2200109Ia 4500
008 190216s9999||||xx |||||||||||||| ||und||
100 _aChandekar.A.R-Deshpande.V.D
245 0 _aStatistical Methods
260 _bS Chand & Co
_c1973
300 _a488
942 _cBK
999 _c30575
_d30575